Handbook of geriatric care management / (Record no. 60)

MARC details
000 -LEADER
fixed length control field 00854cam a22002654a 4500
001 - CONTROL NUMBER
control field 13998000
003 - CONTROL NUMBER IDENTIFIER
control field OSt
005 - DATE AND TIME OF LATEST TRANSACTION
control field 20210205185528.0
008 - FIXED-LENGTH DATA ELEMENTS--GENERAL INFORMATION
fixed length control field 050609s2006 maua bf 001 0 eng
010 ## - LIBRARY OF CONGRESS CONTROL NUMBER
LC control number 2005277168
020 ## - INTERNATIONAL STANDARD BOOK NUMBER
International Standard Book Number 0763737747
040 ## - CATALOGING SOURCE
Original cataloging agency DLC
Transcribing agency DLC
Modifying agency DLC
-- PHNSL
042 ## - AUTHENTICATION CODE
Authentication code pcc
050 00 - LIBRARY OF CONGRESS CALL NUMBER
Classification number RC952.55
Item number .C74 2006
082 00 - DEWEY DECIMAL CLASSIFICATION NUMBER
Classification number 618.97/0068
Edition number 22
100 1# - MAIN ENTRY--PERSONAL NAME
Personal name Cress, Cathy.
245 10 - TITLE STATEMENT
Title Handbook of geriatric care management /
Statement of responsibility, etc. Cathy Cress.
260 ## - PUBLICATION, DISTRIBUTION, ETC.
Place of publication, distribution, etc. Sudbury, MA :
Name of publisher, distributor, etc. Jones and Bartlett,
Date of publication, distribution, etc. 2006.
300 ## - PHYSICAL DESCRIPTION
Extent xvi, 336 p. :
Other physical details ill. ;
Dimensions 27 cm.
650 #0 - SUBJECT ADDED ENTRY--TOPICAL TERM
Topical term or geographic name entry element Geriatrics
Form subdivision Handbooks, manuals, etc.
650 #0 - SUBJECT ADDED ENTRY--TOPICAL TERM
Topical term or geographic name entry element Older people
General subdivision Medical care
-- Management
Form subdivision Handbooks, manuals, etc.
906 ## - LOCAL DATA ELEMENT F, LDF (RLIN)
a 7
b cbc
c origcop
d 2
e ncip
f 20
g y-gencatlg
942 ## - ADDED ENTRY ELEMENTS (KOHA)
Source of classification or shelving scheme Library of Congress Classification
Koha item type Books
Holdings
Withdrawn status Lost status Source of classification or shelving scheme Damaged status Not for loan Home library Current library Shelving location Date acquired Full call number Barcode Date last seen Copy number Price effective from Koha item type Public note
    Library of Congress Classification     Public Health Nurses School Public Health Nurses School General Stacks 02/05/2021 RC952.55 C86 01482 02/05/2021 c.1 02/05/2021 Books ekp 05/02/21
Copyright © 2025 PHNS Library. All Rights Reserved.